Информационные технологии, средства автоматизации и поддержки принятия решений в нефтегазовом комплексе (Запись № 1289629)

Подробности
000 -МАРКЕР
контрольное поле 02011nam0a2200397 4500
001 - ИДЕНТИФИКАТОР ЗАПИСИ
контрольное поле RU\NLR\bibl\528066
005 - ИДЕНТИФИКАТОР ВЕРСИИ
контрольное поле 20250609150534.0
021 ## - НОМЕР ГОСУДАРСТВЕННОЙ РЕГИСТРАЦИИ
Код страны российская федерация
Номер 2004-9277п
Номер Листа государственной регистраци 387
035 ## - ДРУГИЕ СИСТЕМНЫЕ НОМЕРА
Идентификатор записи (NLR Aleph) 000520414
100 ## - ДАННЫЕ ОБЩЕЙ ОБРАБОТКИ
Данные общей обработки 20040607d2004 |||y0rusy50 ca
101 0# - ЯЗЫК РЕСУРСА
Язык текста, звукозаписи и т.д. русский
102 ## - СТРАНА ПУБЛИКАЦИИ ИЛИ ПРОИЗВОДСТВА
Страна публикации российская федерация
105 ## - ПОЛЕ КОДИРОВАННЫХ ДАННЫХ: ТЕКСТОВЫЕ МАТЕРИАЛЫ, МОНОГРАФИЧЕСКИЕ
Кодированные данные о монографическом текстовом документе a |||||||||
200 1# - ЗАГЛАВИЕ И СВЕДЕНИЯ ОБ ОТВЕТСТВЕННОСТИ
Основное заглавие Информационные технологии, средства автоматизации и поддержки принятия решений в нефтегазовом комплексе
Сведения, относящиеся к заглавию [Сб. ст.
Первые сведения об ответственности Подгот.: А. Америк и др.]
210 ## - ПУБЛИКАЦИЯ, РАСПРОСТРАНЕНИЕ И ДР.
Место издания, распространения и т.д. М.
Имя издателя, распространителя и т. д. Анатолий Печейкин
Дата издания, распространения и т.д. 2004
215 ## - ФИЗИЧЕСКАЯ ХАРАКТЕРИСТИКА
Специфическое обозначение материала и объем 40 с.
Другие сведения о физической характеристике ил.
Размеры 30
225 1# - СЕРИЯ
Основное заглавие серии Нефть России
Обозначение тома Спец. вып.[1]
313 ## - ПРИМЕЧАНИЯ, ОТНОСЯЩИЕСЯ К ТЕМАТИЧЕСКОМУ ДОСТУПУ
Текст примечания добыча, перераб. нефти, АЗС
606 1# - НАИМЕНОВАНИЕ ТЕМЫ КАК ПРЕДМЕТ
Наименование темы Нефтегазовая промышленность
Формальный подзаголовок Сборники
Тематический подзаголовок Информационные технологии
Системный номер авторитетной/нормативной записи 2410462
Идентификатор авторитетной/нормативной записи RU\NLR\AUTH\661436236
606 1# - НАИМЕНОВАНИЕ ТЕМЫ КАК ПРЕДМЕТ
Наименование темы Нефть
Формальный подзаголовок Сборники
Тематический подзаголовок Добыча
-- Информационные технологии
Системный номер авторитетной/нормативной записи 2332809
Идентификатор авторитетной/нормативной записи RU\NLR\AUTH\661394885
606 1# - НАИМЕНОВАНИЕ ТЕМЫ КАК ПРЕДМЕТ
Наименование темы Нефть
Формальный подзаголовок Сборники
Тематический подзаголовок Переработка
-- Информационные технологии
Системный номер авторитетной/нормативной записи 2332820
Идентификатор авторитетной/нормативной записи RU\NLR\AUTH\661394890
606 1# - НАИМЕНОВАНИЕ ТЕМЫ КАК ПРЕДМЕТ
Наименование темы Заправочные пункты для автомобилей
Формальный подзаголовок Сборники
Тематический подзаголовок Информационные технологии
Системный номер авторитетной/нормативной записи 2332814
Идентификатор авторитетной/нормативной записи RU\NLR\AUTH\661394887
606 1# - НАИМЕНОВАНИЕ ТЕМЫ КАК ПРЕДМЕТ
Наименование темы Автозаправочные станции
Формальный подзаголовок Сборники
Тематический подзаголовок Информационные технологии
Системный номер авторитетной/нормативной записи 2332816
Идентификатор авторитетной/нормативной записи RU\NLR\auth\661394888
686 1# - ИНДЕКСЫ ДРУГИХ КЛАССИФИКАЦИЙ
Индекс У30(2)565.2в612я43
686 1# - ИНДЕКСЫ ДРУГИХ КЛАССИФИКАЦИЙ
Индекс И361-7с.я43
686 1# - ИНДЕКСЫ ДРУГИХ КЛАССИФИКАЦИЙ
Индекс Л54-5-05я43
686 1# - ИНДЕКСЫ ДРУГИХ КЛАССИФИКАЦИЙ
Индекс О33-082.057-5-05я43
702 #1 - ИМЯ ЛИЦА - ВТОРИЧНАЯ ОТВЕТСТВЕННОСТЬ
Начальный элемент ввода Америк
Часть имени, кроме начального элемента ввода А.
Расширение инициалов личного имени Александр
Код отношения Составитель
801 #0 - ИСТОЧНИК ЗАПИСИ
Страна российская федерация
Организация NLR
Дата составления 20040607
Правила каталогизации PSBO
801 #1 - ИСТОЧНИК ЗАПИСИ
Страна российская федерация
Организация NLR
Дата составления 20040607
852 ## - МЕСТОНАХОЖДЕНИЕ И ШИФР ХРАНЕНИЯ
Идентификатор организации NLR
Шифр хранения (Call Number) П11/3713
942 ## - ДОПОЛНИТЕЛЬНЫЕ ЭЛЕМЕНТЫ ЗАПИСИ (АБИС)
Тип экземпляра АБИС Книга
980 ## - КОЛЛЕКЦИЯ
Название коллекции Национальная библиография
Экземпляры
Тип экземпляра Дата поступления Библиотека постоянного хранения Библиотека текущего хранения Место хранения Шифр хранения Штрих-код Статус не для выдачи
Книга 26.10.2013 РНБ (Московский) РНБ (Московский) Русский журнальный фонд П11/3713 520414-10